000 00333nam a2200133Ia 4500
008 210210b1974 xxu||||| |||| 00| 0 eng d
082 _a820.9 VERW
100 _aVERMA (Nirmal).
245 _aWord and memory.
260 _aBikaner
_bVagdevi Prakashan
_c1974
300 _a124
690 _aIndian English Literature
906 _a046708
999 _c96135
_d96135